000
00442nam a2200145Ia 4500
008
090122s9999 xx 000 0 und d
082
_b
6738
_a
891.461
100
_a
चौगुले
_b
सुमति
_c
डॉ
245
_a
भाव गितांजली
600
_a
चौगुले
630
_a
भाव गितांजली
700
_a
चौगुले
730
_a
भाव गितांजली
942
_c
BOOK
999
_c
30815
_d
30815